Informačná báza pre marketing : Obh. 10.6.1996 /

Salvato in:
Dettagli Bibliografici
Autore principale: Šutovská-Kavková, Daniela (Autore)
Natura: Manoscritto Libro
Lingua:slovacco
Pubblicazione: Bratislava : STU v Bratislave ChtF, 1996
Tags: Aggiungi Tag
Nessun Tag, puoi essere il primo ad aggiungerne!!

MARC

LEADER 00000ntm a22000003a 4500
001 stu23931
005 20150617225747.1
008 960620s1996----xo------------------slo-d
040 |a STU  |b slo 
041 0 |a slo 
044 |a xo 
100 1 |a Šutovská-Kavková, Daniela  |4 aut 
245 1 |a Informačná báza pre marketing :  |b Obh. 10.6.1996 /  |c [aut.]Šutovská-Kavková,Daniela 
260 |a Bratislava :  |b STU v Bratislave ChtF,  |c 1996 
300 |a 61 s :  |b Literatúra 
500 |a Zameranie: Manažment chemických a potravinárskych podnikov 
996 |b CD12126  |c C*D12126  |l CCI  |s A  |a 24  |w stu23931_0001